| 000 | 00504nam a2200181Ia 4500 | ||
|---|---|---|---|
| 008 | 151018s9999 xx 000 0 und d | ||
| 082 |
_bRBASDV3223 _a891.463 |
||
| 100 | _aबाळ सामंत | ||
| 245 | _aमस्करी | ||
| 250 | _b1 | ||
| 260 |
_bनवभारत प्रकाशन _c1959 |
||
| 300 | _a123 | ||
| 600 | _aबाळ सामंत | ||
| 630 | _aमस्करी | ||
| 700 | _aबाळ सामंत | ||
| 730 | _aमस्करी | ||
| 942 | _cBOOK | ||
| 999 |
_c1005636 _d1005633 |
||